000 01161cam a2200313 a 4500
001 15308441
003 OSt
005 20151007162651.0
008 080528s2008 tnua b 000 0deng
010 _a 2008023371
020 _a9781595552501
040 _aDLC
_cDLC
_dDLC
043 _an-us---
050 0 0 _aE901.1.O23
_bM36 2008
082 0 0 _a328.73092
_aB
_222
100 1 _aMansfield, Stephen,
_d1958-
245 1 4 _aThe faith of Barack Obama /
_cStephen Mansfield.
260 _aNashville, Tenn. :
_bThomas Nelson Publishers,
_c2008.
300 _axxiii, 164 p. :
_bill. ;
_c21 cm.
504 _aIncludes bibliographical references (p. 157-158).
600 1 0 _aObama, Barack
_xReligion.
650 0 _aPresidential candidates
_zUnited States
_vBiography.
650 0 _aLegislators
_zUnited States
_vBiography.
650 0 _aReligion and politics
_zUnited States
_vCase studies.
856 4 1 _3Table of contents only
_uhttp://www.loc.gov/catdir/toc/ecip0819/2008023371.html
906 _a7
_bcbc
_corignew
_d1
_eecip
_f20
_gy-gencatlg
942 _2lcc
_cBK
999 _c250271
_d250271